MULTINATIONAL FINANCE (Record no. 15721)
[ view plain ]
| 000 -LEADER | |
|---|---|
| fixed length control field | 00303nam a22001457a 4500 |
| 003 - CONTROL NUMBER IDENTIFIER | |
| control field | SGT |
| 020 ## - INTERNATIONAL STANDARD BOOK NUMBER | |
| International Standard Book Number | 9788126564125 |
| 082 ## - DEWEY DECIMAL CLASSIFICATION NUMBER | |
| Classification number | 658.15 |
| Item number | BUT |
| 100 ## - MAIN ENTRY--PERSONAL NAME | |
| Personal name | BUTLER, KIRTI C. |
| 245 ## - TITLE STATEMENT | |
| Title | MULTINATIONAL FINANCE |
| 250 ## - EDITION STATEMENT | |
| Edition statement | 6TH |
| 260 ## - PUBLICATION, DISTRIBUTION, ETC. (IMPRINT) | |
| Name of publisher, distributor, etc | WILLEY PUBLISHER |
| Year of Publication | 2017 |
| 300 ## - PAGE DESCRIPTION | |
| No. of Pages | 558 |
| 942 ## - ADDED ENTRY ELEMENTS (KOHA) | |
| Source of classification or shelving scheme | Dewey Decimal Classification |
| Koha item type | Books |
| Withdrawn status | Lost status | Source of classification or shelving scheme | Damaged status | Not for loan | Collection code | Home library | Current library | Shelving location | Date acquired | Vendor Name | Cost, normal purchase price | SGTU | Bill Number | Total Checkouts | Full call number | Accession No. (Barcode) | Date last seen | Bill Date | Koha item type |
|---|---|---|---|---|---|---|---|---|---|---|---|---|---|---|---|---|---|---|---|
| Dewey Decimal Classification | COMMERCE MANAGEMENT | SGT Science & Social Sciences Library | SGT Science & Social Sciences Library | Text Book | 31/07/2018 | KIRTI PRAKASHAN | 799.00 | SGTU | IN343 | 658.15 BUT | CM4393 | 31/07/2018 | Books | ||||||
| Dewey Decimal Classification | COMMERCE MANAGEMENT | SGT Science & Social Sciences Library | SGT Science & Social Sciences Library | Text Book | 31/07/2018 | KIRTI PRAKASHAN | 799.00 | SGTU | IN343 | 658.15 BUT | CM4394 | 31/07/2018 | Books | ||||||
| Dewey Decimal Classification | Not For Loan | COMMERCE MANAGEMENT | SGT Science & Social Sciences Library | SGT Science & Social Sciences Library | Reference Book | 31/07/2018 | KIRTI PRAKASHAN | 799.00 | SGTU | IN343 | 658.15 BUT | CM4395 | 31/07/2018 | Books | |||||
| Dewey Decimal Classification | COMMERCE MANAGEMENT | SGT Science & Social Sciences Library | SGT Science & Social Sciences Library | Text Book | 31/07/2018 | KIRTI PRAKASHAN | 799.00 | SGTU | IN343 | 658.15 BUT | CM4396 | 31/07/2018 | Books |